| 000 | 02349cam a22005174i 4500 | ||
|---|---|---|---|
| 003 | PE-LiUPU | ||
| 005 | 20250731184539.0 | ||
| 008 | 181219s2011 xxua r 001 0 eng | ||
| 020 | _a1931745846 | ||
| 020 | _a9781931745840 | ||
| 035 | _a(Sirsi) a251103 | ||
| 049 | _aPRUA | ||
| 082 | 0 | 4 |
_a933 _bR84 _223 |
| 100 | 1 |
_aRosen, Steven A. _eautor. |
|
| 245 | 1 | 3 |
_aAn investigation into early desert pastoralism : _bexcavations at the Camel site, Negev / _cby Steven A. Rosen ; with contributions by Yael Abadi-Reiss [y otros once]. |
| 264 | 1 |
_a[Los Angeles] : _bCotsen Institute of Archaeology Press, _c2011. |
|
| 300 |
_axiii, 220 páginas : _bilustraciones ; _c28 centímetros. |
||
| 336 |
_atext _2rdacontent |
||
| 337 |
_aunmediated _2rdamedia |
||
| 338 |
_avolume _2rdacarrier |
||
| 490 | 0 |
_aUCLA Cotsen Institute of Archaeology Press monographs ; _vmonograph 69 |
|
| 504 | _aBibliografía: páginas 213-215. | ||
| 504 | _aÍndice: 217-220. | ||
| 505 | 0 | _aIntroduction: Toward an Archaeology of Early Nomadism at the Camel Site -- Location and Environment -- The Physical Site: Stratigraphy, Architecture, and Site Features -- Chronology -- The Pottery from the Camel Site The Lithic Assemblage from the Camel Site -- Milling Stones and Waste -- Copper Objects from the Camel Site -- The Camel Site Obsidian: Analyses, Synthesis and Implications -- Shells, Beads, and Other Artifacts -- Sediments and Microartifacts from the Camel Site -- The Organization of Space at the Camel Site -- The Camel Site in Perspective. | |
| 526 | _aP136 | ||
| 526 | _aP135 | ||
| 526 | _aP134 | ||
| 526 | _aP133 | ||
| 526 | _aP144 | ||
| 526 | _aP143 | ||
| 526 | _aP87 | ||
| 526 | _aP35 | ||
| 526 | _aP20 | ||
| 526 | _aP14 | ||
| 526 | _aP10 | ||
| 526 | _aP06 | ||
| 650 | 0 | 4 |
_aAntigüedades prehistoricas _zIsrael. |
| 650 | 0 | 4 |
_aExcavaciones (Arqueología) _zIsrael. |
| 650 | 0 | 4 |
_aSistemas de pastoreo _zIsrael _xHistoria _yHasta 1500. |
| 910 |
_adbm _bsag _csag _d20181219 |
||
| 942 |
_2ddc _cBOOK |
||
| 994 |
_aC0 _bPEPRU |
||
| 596 | _a1 | ||
| 999 |
_a933 R84 _wDEWEY _c30553 _i79422 _f2021-11-11 _g3 _lCCODEBUL1 _mBUL _p15.00 _r0 _sY _tBOOK _u2018-12-19 _xTEOLOGIA _PP85 _0COMPRA _1FCOMPR2 _o.STAFF. Colección Teología _d30553 |
||
| 980 |
_81 _gALBERTO SANCHEZ Responsable de Automatización |
||